| 000 | 01972nam0a2200373 4500 | ||
|---|---|---|---|
| 001 | RU\NLR\b_ik\198275 | ||
| 005 | 20260405113623.0 | ||
| 010 |
_a978-5-7442-1515-6 _9300 |
||
| 021 |
_aRU _b2012-77340 _95735 |
||
| 035 | _a(NLR Aleph) 002270652 | ||
| 090 |
_a3945640 _c3945640 |
||
| 100 | _a20121107d2012 |||y0rusy50 ca | ||
| 101 | 0 | _aeng | |
| 102 | _aRU | ||
| 105 | _aa ||||||||| | ||
| 200 | 1 |
_aPolitical confidence and security building in Northeast Asia _e[reports of the conference held in Vladivostok, 2-3 July 2009 _fed.: Victor Larin] |
|
| 210 |
_aVladivostok _cInst. of history, archeology a. ethnography of the peoples of the Far East, FEBRAS _d2012 |
||
| 215 |
_a154, [1] с. _cграф. _d20 |
||
| 300 | _aВ вып. дан.: Проблемы политического доверия и обеспечения безопасности в Северо-Восточной Азии | ||
| 300 | _aВ надзаг.: Russ. acad. of sciences, Far Eastern branch, Inst. of history, archeology a. ethnography of the peoples of the Far East | ||
| 300 | _aБиблиогр. в подстроч. примеч. | ||
| 517 | 0 | _aПроблемы политического доверия и обеспечения безопасности в Северо-Восточной Азии | |
| 606 | 1 |
_aМеждународная безопасность _jСборники _yАзия Северо-Восточная _zкон. 20 - нач. 21 вв. _92238699 _3RU\NLR\AUTH\6601575043 |
|
| 686 | 1 | _aФ5 я43 | |
| 686 | 1 | _aТ3(54)63-6 я43 | |
| 702 | 1 |
_4340 _8rus _7ba _aLarin _bV. L. _f1952- _gViktor Lavrent'evič _3RU\NLR\auth\7744299 _927240 |
|
| 711 | 1 | 2 |
_7ba _8eng _a"Political confidence and security building in northeast Asia", conference _eVladivostok _f2009 _9461402 _3RU\NLR\AUTH\880397364 |
| 801 | 0 |
_aRU _bNLR _c20121107 _gRCR |
|
| 801 | 1 |
_aRU _bNLR _c20121107 |
|
| 942 | _cBOOK | ||
| 980 | _aNB | ||